| 000 | 00444nam a2200169 a 4500 | ||
|---|---|---|---|
| 005 | 20140310183322.0 | ||
| 008 | 060308s19uu xx 00 eng d | ||
| 020 | _a0515130079 | ||
| 050 |
_aPZ 7 _b.M386 2000 |
||
| 100 | _aMartini, Steve | ||
| 245 |
_aThe attorney / _cSteve Martini. |
||
| 260 |
_aNew York : _bThe Berkley Pub. Group, _c2000. |
||
| 300 |
_a451 p. : _c17 cm. |
||
| 500 | _a"Jove Books". | ||
| 942 |
_cBK _2lcc |
||
| 999 |
_c21430 _d21430 |
||